00849nam a22002417a 450000500170000001000130001702000250003003500130005503700160006804000120008408200180009610000250011424500560013926000400019527000470023530000250028250000330030765000290034065000430036994200270041299900190043995201490045820170124110245.0 aB-121219 c135.00a978817656125 aB-121219 bCen Lib/Ret aDPLbEN a005.7565bBAY aBayross, Ivan 91086 aOracle :cby Ivan Bayrossbapplication dvelopment / aNew Delhi bBPB Publications c2004 bNew Delhi aB-14, Connaught place e110001 aiv, 310p.c23cm(pbk) aIncludes glossary and index  aComputer science 997012 aOracle application development 997013 2ddccENh005.7565mBAY c135430d135430 00102ddc4070aLbLd2015-10-06eCen Lib/Retg135.00l2o005.7565 BAYpB-121219r2024-07-30 00:00:00s2024-07-25t135.00v1.00w2015-10-06yEN